Modern-Day Countries in Africa Controlled By the British Empire - Statistics

General Stats
  • This quiz has been taken 43 times
    28 since last reset
  • The average score is 20 of 22
Answers on the Map
Answers color-coded by a green-red scale on the quiz's map according to % correct below.
 
Answer Stats
Country % Correct
Nigeria
100%
South Sudan
100%
Sudan
100%
Egypt
96%
Lesotho
96%
Somalia (Somaliland)
96%
South Africa
96%
Botswana
92%
Kenya
92%
Namibia
92%
Eswatini
88%
Ghana
88%
Malawi
88%
Sierra Leone
88%
Tanzania
88%
Uganda
88%
Zambia
88%
Zimbabwe
88%
Gambia
84%
Cameroon
80%
Mauritius
76%
Seychelles
72%
No matching quizzes found
Score Distribution
Percent of People with Each Score
Percentile by Number Answered
Your Score History
You have not taken this quiz since the last reset